|
|
|
|
| LEADER |
00000nam a2200000 a 4500 |
| 001 |
vtls008907085 |
| 003 |
SK-MaSNL |
| 005 |
20260301124603.0 |
| 008 |
240314s1989 xo slo |
| 020 |
|
|
|a 8085165120
|q (brož.)
|c 33.00
|
| 035 |
|
|
|a LMAOSK5631
|
| 040 |
|
|
|a SNK
|b slo
|c SNK
|e AACR2
|
| 041 |
0 |
|
|a slo
|
| 044 |
|
|
|a xo
|c SK
|
| 080 |
|
|
|a 002
|2 1981
|
| 080 |
|
|
|a 681.3(035)
|2 1981
|
| 100 |
1 |
|
|a Vaňo, Marián,
|d 1948-
|4 aut
|9 37606
|
| 245 |
1 |
0 |
|a Báza faktografických dát EMIS
|b Príručka pre používateľov
|c Marián Vaňo
|
| 250 |
|
|
|a 1. vyd.
|
| 260 |
|
|
|a Bratislava
|b SlTK
|c 1989
|
| 300 |
|
|
|a 74 s. brož.
|
| 650 |
0 |
7 |
|a EMIS (báza faktografických dát)
|2 LMAOSK
|9 473261
|
| 655 |
|
7 |
|a príručky
|2 LMAOSK
|9 74364
|
| 919 |
|
|
|a 80-85165-12-0
|
| 958 |
|
|
|a OND
|
| 999 |
|
|
|c 739896
|d 741826
|
| 952 |
|
|
|t P60, <04>, [BOOK], {604}
|a SNK
|b SNK
|y VYP
|7 0
|p 17A0345252
|o snkSC 75944 D2
|i snkKSP 6220/2002
|0 0
|1 0
|4 0
|d 2002-05-24
|l 0
|r 2004-12-31 00:00:00
|w 2026-02-23
|
| 952 |
|
|
|a SNK
|b SNK
|y PREZ
|7 0
|p 17A0965568
|o snkSC 75944
|0 0
|1 0
|4 0
|d 2012-10-08
|l 0
|r 2026-02-23 22:56:15
|w 2026-02-23
|